| 000 | 00610cam a2200157K 4500 | ||
|---|---|---|---|
| 082 | 0 | 4 |
_a515 _bGIB _cL-1 , P-2 |
| 100 | 1 |
_aGibson, George A. _939198 |
|
| 245 | 1 | 3 |
_aAn elementary treatise on the calculus _bwith illustrations from geometry, mechanics and physics, _cby George A. Gibson ... |
| 260 |
_aLondon, _bMacmillan and Co.; _aNew York, _bMacmillan Co., _c1901. |
||
| 300 |
_a1 online resource (xix, 459 p.), : _bdiagrs. |
||
| 526 |
_a0 _b0 _c0 _d515_000000000000000_GIB |
||
| 650 | 0 | _aCalculus. | |
| 650 | 0 |
_aMCE _9379 |
|
| 856 | 4 | 0 | _uhttp://catalog.hathitrust.org/api/volumes/oclc/3562968.html |
| 942 |
_2ddc _cBK |
||
| 999 |
_c543721 _d543721 |
||